<?xml version="1.0" encoding="UTF-8"?>
<record
    xmlns:xsi="http://www.w3.org/2001/XMLSchema-instance"
    xsi:schemaLocation="http://www.loc.gov/MARC21/slim http://www.loc.gov/standards/marcxml/schema/MARC21slim.xsd"
    xmlns="http://www.loc.gov/MARC21/slim">

  <leader>01297nam a2200265 a 4500</leader>
  <controlfield tag="001">74035</controlfield>
  <controlfield tag="003">BD-RjUL</controlfield>
  <controlfield tag="005">20211209082459.0</controlfield>
  <controlfield tag="008">180128s2010    bg  |||| |||| 000 0 ben d</controlfield>
  <datafield tag="020" ind1=" " ind2=" ">
    <subfield code="a">9789843322166</subfield>
    <subfield code="c">Tk. 700.00</subfield>
  </datafield>
  <datafield tag="035" ind1=" " ind2=" ">
    <subfield code="a">(BD-RjUL)74253</subfield>
  </datafield>
  <datafield tag="040" ind1=" " ind2=" ">
    <subfield code="a">BD-RjUL</subfield>
    <subfield code="b">eng</subfield>
    <subfield code="c">BD-RjUL</subfield>
  </datafield>
  <datafield tag="041" ind1=" " ind2=" ">
    <subfield code="a">ben</subfield>
  </datafield>
  <datafield tag="082" ind1=" " ind2=" ">
    <subfield code="2">23</subfield>
    <subfield code="a">297.64092</subfield>
    <subfield code="b">SUV 2010</subfield>
  </datafield>
  <datafield tag="100" ind1=" " ind2=" ">
    <subfield code="a">&#x9B8;&#x9C1;&#x9AC;&#x9B9;&#x9BE;&#x9A8;&#x9C0; , &#x99C;&#x9BE;&#x9AB;&#x9B0;</subfield>
    <subfield code="9">220007</subfield>
  </datafield>
  <datafield tag="245" ind1=" " ind2=" ">
    <subfield code="a">&#x9AC;&#x9C7;&#x9B2;&#x9BE;&#x9AF;&#x9BC;&#x9BE;&#x9A4;&#x9C7;&#x9B0; &#x9A6;&#x9CD;&#x9AF;&#x9C1;&#x9A4;&#x9BF; : &#x986;&#x9AE;&#x9BF;&#x9B0;&#x9C1;&#x9B2; &#x9AE;&#x9C1;&#x9AE;&#x9C7;&#x9A8;&#x9C0;&#x9A8; &#x986;&#x9B2;&#x9C0; &#x9B0;&#x9BE;&#x983; &#x98F;&#x9B0; &#x9AA;&#x9B0;&#x9CD;&#x9AF;&#x9BE;&#x9B2;&#x9CB;&#x99A;&#x9A8;&#x9BE;&#x9AE;&#x9C2;&#x9B2;&#x995; &#x99C;&#x9C0;&#x9AC;&#x9A8;&#x9C7;&#x9A4;&#x9BF;&#x9B9;&#x9BE;&#x9B8; /</subfield>
    <subfield code="c"> &#x99C;&#x9BE;&#x9AB;&#x9B0; &#x9B8;&#x9C1;&#x9AC;&#x9B9;&#x9BE;&#x9A8;&#x9C0; ; &#x9B8;&#x9AE;&#x9CD;&#x9AA;&#x9BE;&#x9A6;&#x9A8;&#x9BE;  &#x9A8;&#x9C1;&#x9B0; &#x9B9;&#x9CB;&#x9B8;&#x9C7;&#x9A8; &#x9AE;&#x99C;&#x9BF;&#x9A6;&#x9C0; ;  &#x985;&#x9A8;&#x9C1;&#x9AC;&#x9BE;&#x9A6; : &#x986;&#x9AC;&#x9CD;&#x9A6;&#x9C1;&#x9B2; &#x995;&#x9C1;&#x9A6;&#x9CD;&#x9A6;&#x9C1;&#x9B8; &#x9AC;&#x9BE;&#x9A6;&#x9B6;&#x9BE; , &#x9AE;&#x9CB;: &#x9AE;&#x9BE;&#x988;&#x9A8;&#x989;&#x9A6;&#x9CD;&#x9A6;&#x9C0;&#x9A8;</subfield>
  </datafield>
  <datafield tag="260" ind1=" " ind2=" ">
    <subfield code="a">&#x9A2;&#x9BE;&#x995;&#x9BE; :</subfield>
    <subfield code="b">&#x9A6;&#x9BE;&#x9B0;&#x9C1;&#x9B2; &#x995;&#x9CB;&#x9B0;&#x986;&#x9A8; &#x9AB;&#x9BE;&#x989;&#x9A8;&#x9CD;&#x9A1;&#x9C7;&#x9B6;&#x9A8; ,</subfield>
    <subfield code="c">&#x9E8;&#x9E6;&#x9E7;&#x9E6;</subfield>
  </datafield>
  <datafield tag="300" ind1=" " ind2=" ">
    <subfield code="a">&#x9ED;&#x9EA;&#x9E9; &#x9AA;&#x9C3;&#x983; ;</subfield>
    <subfield code="c">&#x9E8;&#x9EB; &#x9B8;&#x9C7;&#x9AE;&#x9BF;.</subfield>
  </datafield>
  <datafield tag="600" ind1=" " ind2=" ">
    <subfield code="a">&#x986;&#x9B2;&#x9C0; &#x9B0;&#x9BE;:</subfield>
    <subfield code="9">220018</subfield>
  </datafield>
  <datafield tag="600" ind1=" " ind2=" ">
    <subfield code="a">Ali ( R)</subfield>
    <subfield code="9">220019</subfield>
  </datafield>
  <datafield tag="650" ind1=" " ind2=" ">
    <subfield code="a">&#x99C;&#x9C0;&#x9AC;&#x9A8;</subfield>
    <subfield code="9">220009</subfield>
    <subfield code="v">&#x987;&#x9A4;&#x9BF;&#x9B9;&#x9BE;&#x9B8;</subfield>
  </datafield>
  <datafield tag="650" ind1=" " ind2=" ">
    <subfield code="a">Biography</subfield>
    <subfield code="v">History</subfield>
    <subfield code="9">220020</subfield>
  </datafield>
  <datafield tag="700" ind1=" " ind2=" ">
    <subfield code="a">&#x9AC;&#x9BE;&#x9A6;&#x9B6;&#x9BE; ,&#x986;&#x9AC;&#x9CD;&#x9A6;&#x9C1;&#x9B2; &#x995;&#x9C1;&#x9A6;&#x9CD;&#x9A6;&#x9C1;&#x9B8;</subfield>
    <subfield code="9">220010</subfield>
  </datafield>
  <datafield tag="942" ind1=" " ind2=" ">
    <subfield code="2">ddc</subfield>
    <subfield code="c">BK</subfield>
  </datafield>
  <datafield tag="999" ind1=" " ind2=" ">
    <subfield code="c">74035</subfield>
    <subfield code="d">74035</subfield>
  </datafield>
  <datafield tag="952" ind1=" " ind2=" ">
    <subfield code="0">0</subfield>
    <subfield code="1">0</subfield>
    <subfield code="2">ddc</subfield>
    <subfield code="4">0</subfield>
    <subfield code="7">1</subfield>
    <subfield code="8">NFIC</subfield>
    <subfield code="a">RUCL</subfield>
    <subfield code="b">RUCL</subfield>
    <subfield code="c">Reading</subfield>
    <subfield code="d">2017-05-02</subfield>
    <subfield code="e">Iran embassy Dhaka</subfield>
    <subfield code="g">700.00</subfield>
    <subfield code="l">0</subfield>
    <subfield code="o"> B 297.64092 SUV 2010</subfield>
    <subfield code="r">2018-01-28 00:00:00</subfield>
    <subfield code="t">C-1</subfield>
    <subfield code="w">2021-12-09</subfield>
    <subfield code="y">BK</subfield>
  </datafield>
</record>
